Vývoj zamestnanosti a kvalifikačnej štruktúry pracovníkov v poľnohospodárstve SR

Ľudský kapitál ako významná zložka produkčných faktorov. Vývoj vybraných ukzovateľov zamestnanosti v poľnohospodárstve. Vývoj počtu zamestnancov (2004-2014). Vývoj vzdelanostnej štruktúry zamestnancov. Vzdelávanie a rozvoj znalostí pracovníkov odvetvia.

Salvato in:
Dettagli Bibliografici
Autore principale: Bartoš, Adam
Natura: Capitolo di libro
Lingua:slovacco
Soggetti:
Tags: Aggiungi Tag
Nessun Tag, puoi essere il primo ad aggiungerne!!

MARC

LEADER 00000naa$a2200000$$$4500
001 0225093
005 20240527080224.6
041 0 |a slo 
044 |a SK 
245 1 0 |a Vývoj zamestnanosti a kvalifikačnej štruktúry pracovníkov v poľnohospodárstve SR  |c Adam Bartoš 
520 |a Ľudský kapitál ako významná zložka produkčných faktorov. Vývoj vybraných ukzovateľov zamestnanosti v poľnohospodárstve. Vývoj počtu zamestnancov (2004-2014). Vývoj vzdelanostnej štruktúry zamestnancov. Vzdelávanie a rozvoj znalostí pracovníkov odvetvia. 
610 2 0 |a poľnohospodárstvo 
610 2 0 |a kapitál ľudský 
610 2 0 |a pracovníci 
610 2 0 |a zamestnanci 
610 2 0 |a zamestnanosť 
610 2 0 |a vzdelanie 
610 2 0 |a vzdelávanie celoživotné 
100 1 |a Bartoš, Adam